000 00291nam a2200121Ia 4500
008 190216s9999||||xx |||||||||||||| ||und||
100 _aTaxali R K
245 0 _aDbase Iii Plus
260 _bTata Mcgraw Hill Publishing Company Ltd
_c1995
300 _a470p
650 _aComputer
942 _cBK
999 _c8867
_d8867